000 01026cam a2200289 a 4500
001 000006682
005 20200929153956.0
008 850806s1984 cu b 000 f spa d
040 _aDO-SdBNP
_bspa
_cDLC
_dBNPHU
082 _aCu863.2
_bV727j
100 1 _aVillaverde, Cirilo,
_d1812-1894.
_92315
245 1 3 _aLa joven de la flecha de oro y otros relatos /
_cCirilo Villaverde ; selección, prólogo y notas de Imeldo Álvarez ; edición de Ana María Muñoz.
260 _aLa Habana :
_bLetras Cubanas,
_c1984.
300 _a751 p. ;
_c24 cm.
490 1 _aLetras cubanas siglo XIX
504 _aIncluye referencias bibliográficas.
650 4 _aNovela cubana
_92316
650 4 _aLiteratura cubana
_91483
650 4 _aMatrimonio
_xNovela
_918617
650 4 _aInfidelidad
_xNovela
_918618
700 1 _aÁlvarez, Imeldo,
_epról.
_d1928-
_918619
700 1 _aMuñoz, Ana María,
_eed.
_918620
830 0 _aLetras cubanas siglo XIX
_918621
910 _aCatalogación por copia / LC
910 _aWM
049 _aBNGR
999 _c6471
_d6471